000
00270nam a2200109Ia 4500
008
230320s9999||||xx |||||||||||||| ||spa||
082
_a
828.85/T45F
100
_a
Tackeray Makepeace, William
245
0
_a
La Feria De Las Variedades
260
_b
AGUILAR
942
_8
0
_c
LIB
999
_c
31449
_d
31449